01428 2200613 4500001002100000008004100021035002000062245003700082100001700119260003000136300002600166020002200192084001400214082000800228650000800236990001500244990001500259990001500274990001500289990001500304990001500319990001500334990001500349990001500364990001500379990001500394990001500409990001500424990001500439990001500454990001500469990001500484990001500499990001500514990001500529990001500544990001500559990001500574990001500589990001500604990001500619990001500634990001500649990001500664990001500679990001500694990001500709990001500724990001500739990001500754990001500769990001500784990001500799INLIS000000000003378 ind  a0010-0526000001 aX-Press TKA SejarahcEko Pujiono aPujiono, Eko aJakarta :bErlanggac2025 a163 hlmc21 x 25.5 cm a978-623-522-851-8 a901 EKO x a901 aTKA a19960/B/26 a19923/B/26 a19924/B/26 a19925/B/26 a19926/B/26 a19927/B/26 a19928/B/26 a19929/B/26 a19930/B/26 a19931/B/26 a19932/B/26 a19933/B/26 a19934/B/26 a19935/B/26 a19936/B/26 a19937/B/26 a19938/B/26 a19939/B/26 a19940/B/26 a19941/B/26 a19942/B/26 a19943/B/26 a19944/B/26 a19945/B/26 a19946/B/26 a19947/B/26 a19948/B/26 a19949/B/26 a19950/B/26 a19951/B/26 a19952/B/26 a19953/B/26 a19954/B/26 a19955/B/26 a19956/B/26 a19957/B/26 a19958/B/26 a19959/B/26